| 000 | 00000nam 22000008a 4500 |
| 001 | 9.834714 |
| 003 | CaOODSP |
| 005 | 20221107150509 |
| 007 | cr ||||||||||| |
| 008 | 170404s2017 quc o f00| 0 fre d |
| 020 | |a978-0-660-08176-2 |
| 040 | |aCaOODSP|bfre |
| 043 | |an-cn--- |
| 086 | 1 |aCW66-543/2017F-PDF |
| 245 | 00|aDévelopper et mettre en Ĺ“uvre l'écologie mi'kmaw auprès des espèces en péril de kespukwitk |h[ressource électronique]. |
| 260 | |a[Gatineau, Québec] : |bEnvironnement et Changement climatique Canada, |c[2017]. |
| 300 | |a[1] p. |
| 500 | |aPubl. aussi en anglais sous le titre : Developing and implementing Mi'kmaw ecology in Kespukwitk's species at risk. |
| 500 | |aTitre de départ. |
| 500 | |a« Fonds autochtone pour les espèces en péril - Volet des espèces en péril. » |
| 692 | 07|2gccst|aEspèce menacée |
| 692 | 07|2gccst|aHabitat |
| 692 | 07|2gccst|aÉcologie |
| 710 | 2 |aService canadien de la faune. |
| 775 | 08|tDeveloping and implementing Mi'kmaw ecology in Kespukwitk's species at risk |w(CaOODSP)9.834711 |
| 856 | 40|qPDF|s354 Ko|uhttps://publications.gc.ca/collections/collection_2017/eccc/CW66-543-2017-fra.pdf |